[Event "Montreal Vendredi 05"]
[Site "Montreal"]
[Date "2017.05.19"]
[Round "3"]
[White "Cardona, Misael"]
[Black "Libersan, Thierry"]
[Result "1-0"]
[WhiteElo "2124"]
[BlackElo "2204"]
[PlyCount "95"]
[EventDate "2017.05.05"]
[EventType "tourn"]
[EventRounds "3"]
[EventCountry "CAN"]
[SourceTitle "EXT 2022"]
[Source "ChessBase"]
[SourceDate "2021.10.06"]
[SourceVersion "1"]
[SourceVersionDate "2021.10.06"]
[SourceQuality "1"]

1. d4 c5 2. e3 Nf6 3. c4 cxd4 4. exd4 d5 5. Nc3 Nc6 6. Bg5 Be6 7. Be2 h6 8. Bxf6 exf6 9. Bf3 Bb4 10. Nge2 0-0 11. 0-0 Ne7 12. c5 b6 13. a3 Bxc3 14. Nxc3 bxc5 15. dxc5 Qc7 16. b4 Rab8 17. Ne2 a5 18. Rb1 axb4 19. axb4 Nc6 20. Qd2 Rb7 21. Nd4 Rfb8 22. Nxc6 Qxc6 23. Rfc1 Rc7 24. h3 Qd7 25. Qd4 Qa4 26. Bd1 Qa3 27. Rc3 Qa2 28. Rcb3 Qa7 29. Ra1 Qb7 30. b5 Qc8 31. Rc1 Rcb7 32. Be2 Bd7 33. c6 Rb6 34. Rg3 Kh8 35. Rgc3 Be6 36. f4 Qc7 37. Bd3 f5 38. Re1 Ra8 39. Re5 Ra1+ 40. Kh2 Rd1 41. Rc5 Rb8 42. Rcxd5 Bxd5 43. Rxd5 Qe7 44. Qe5 Qa7 45. c7 Rg8 46. Rd8 Rc1 47. Rxg8+ Kxg8 48. Qe8+ 1-0

[Event "Montreal Choc des Generations"]
[Site "Montreal"]
[Date "2017.04.09"]
[Round "4.1"]
[White "Libersan, Thierry"]
[Black "Durette, Francis"]
[Result "1-0"]
[WhiteElo "2094"]
[BlackElo "2044"]
[PlyCount "181"]
[EventDate "2017.04.07"]
[EventType "swiss"]
[EventRounds "5"]
[EventCountry "CAN"]
[SourceTitle "EXT 2022"]
[Source "ChessBase"]
[SourceDate "2021.10.06"]
[SourceVersion "1"]
[SourceVersionDate "2021.10.06"]
[SourceQuality "1"]

1. d4 Nf6 2. Bf4 g6 3. Nc3 Bg7 4. Qd2 d6 5. 0-0-0 0-0 6. Bh6 Nc6 7. Bxg7 Kxg7 8. Nf3 b6 9. e4 Bb7 10. Bb5 Nb4 11. Rhe1 a6 12. Bf1 a5 13. a3 Na6 14. Qf4 Nh5 15. Qe3 Nf6 16. h3 Re8 17. g4 e6 18. Qf4 Qe7 19. e5 Nd5 20. Nxd5 Bxd5 21. Re3 Reb8 22. g5 Bxf3 23. Rxf3 d5 24. h4 b5 25. h5 a4 26. c3 c5 27. Rh3 c4 28. Be2 Kg8 29. Rdh1 Rb7 30. Bd1 b4 31. cxb4 Nxb4 32. axb4 Qxb4 33. Qd2 Qxd2+ 34. Kxd2 Rxb2+ 35. Bc2 Ra7 36. Ra1 Kg7 37. Kc3 a3 38. Kd2 a2 39. Rc3 Kg8 40. Kc1 Rb6 41. f4 Kg7 42. Rh3 Kg8 43. Rh2 Kg7 44. Bd1 Rba6 45. Rb2 Ra8 46. Rb7 Ra3 47. Kb2 R3a5 48. Bc2 R5a6 49. Kc3 Ra3+ 50. Kb2 R3a5 51. h6+ Kg8 52. Kc3 Ra3+ 53. Kb4 R3a6 54. Kb5 Ra3 55. Kc6 Kf8 56. Kc7 Ke7 57. Kc6+ Kf8 58. Kd6 R3a6+ 59. Kd7 Ra3 60. Kc7 Ke7 61. Kb6+ Kf8 62. Kb5 R3a5+ 63. Kb4 Ra3 64. Rb8+ Ke7 65. Rxa8 Rxa8 66. Ba4 Rb8+ 67. Kc3 Rb1 68. Rxa2 Rf1 69. Bc6 Rf3+ 70. Kb4 Rb3+ 71. Kc5 Rb8 72. Ra7+ Kf8 73. Rc7 Rd8 74. Ba4 Ra8 75. Bd7 Rb8 76. Kd6 Rd8 77. Ra7 Kg8 78. Ke7 Rb8 79. Rc7 Ra8 80. Be8 Kh8 81. Bxf7 c3 82. Be8 Rb8 83. Rxc3 Rb7+ 84. Kxe6 Rf7 85. Rc8 Rf8 86. Bd7 Rg8 87. Rxg8+ Kxg8 88. Kxd5 Kf7 89. Kd6 Kf8 90. e6 Kg8 91. e7 1-0

[Event "Montreal Choc des Generations"]
[Site "Montreal"]
[Date "2017.04.08"]
[Round "2.1"]
[White "Chiku Ratte, Olivier Kenta"]
[Black "Libersan, Thierry"]
[Result "1-0"]
[WhiteElo "2311"]
[BlackElo "2094"]
[PlyCount "65"]
[EventDate "2017.04.07"]
[EventType "swiss"]
[EventRounds "5"]
[EventCountry "CAN"]
[SourceTitle "EXT 2022"]
[Source "ChessBase"]
[SourceDate "2021.10.06"]
[SourceVersion "1"]
[SourceVersionDate "2021.10.06"]
[SourceQuality "1"]

1. d4 Nf6 2. c4 g6 3. Nc3 Bg7 4. e4 d6 5. f4 0-0 6. Nf3 c5 7. d5 e6 8. Be2 exd5 9. cxd5 b5 10. e5 dxe5 11. fxe5 Ng4 12. Bg5 Qb6 13. 0-0 a6 14. Qd2 Nd7 15. Rae1 c4+ 16. Kh1 h6 17. Bf4 g5 18. Bg3 Ne3 19. Bf2 Nxf1 20. Bxf1 Qg6 21. Bg3 Nc5 22. Qe3 Nd3 23. Bxd3 cxd3 24. a3 Re8 25. Qd4 Bb7 26. Rd1 g4 27. Ne1 Rac8 28. Nxd3 Rc4 29. Qa7 Rxc3 30. bxc3 Bxd5 31. Nf4 Bxg2+ 32. Nxg2 Qc2 33. Rf1 1-0

[Event "Montreal Varennes op"]
[Site "Montreal"]
[Date "2016.10.09"]
[Round "5"]
[White "Durette, Francis"]
[Black "Libersan, Thierry"]
[Result "0-1"]
[WhiteElo "1989"]
[BlackElo "2085"]
[PlyCount "84"]
[EventDate "2016.10.07"]
[EventType "swiss"]
[EventRounds "5"]
[EventCountry "CAN"]
[SourceTitle "CBM 175 Extra"]
[Source "ChessBase"]
[SourceDate "2016.12.12"]
[SourceVersion "1"]
[SourceVersionDate "2016.12.12"]
[SourceQuality "1"]

1. e4 c5 2. Nf3 e6 3. d4 cxd4 4. Nxd4 Nc6 5. Nc3 Qc7 6. Be2 a6 7. 0-0 b5 8. Be3 Bb7 9. f3 Nf6 10. Nb3 d6 11. Qd2 Be7 12. a3 0-0 13. Rad1 Ne5 14. Kh1 Rac8 15. Bf2 Rfd8 16. Qe3 Ned7 17. Rd2 Re8 18. Rfd1 h6 19. Bg3 e5 20. Bf2 Nh5 21. h4 g5 22. g3 Ng7 23. Bxb5 axb5 24. Nxb5 Qb8 25. Nxd6 Bxd6 26. Rxd6 Nf8 27. hxg5 h5 28. Nc5 Nge6 29. Nxe6 Rxe6 30. Rxe6 Nxe6 31. g6 Rd8 32. gxf7+ Kxf7 33. Rxd8 Qxd8 34. Qa7 Qc8 35. Qb6 Ng5 36. Qb3+ Kf6 37. a4 Ba6 38. Qe3 Qh3+ 39. Kg1 Qf1+ 40. Kh2 Qh3+ 41. Kg1 Bf1 42. Qb6+ Ne6 0-1

[Event "Montreal Varennes op"]
[Site "Montreal"]
[Date "2016.10.07"]
[Round "1"]
[White "Qiao, Cindy"]
[Black "Libersan, Thierry"]
[Result "0-1"]
[WhiteElo "1711"]
[BlackElo "2085"]
[PlyCount "92"]
[EventDate "2016.10.07"]
[EventType "swiss"]
[EventRounds "5"]
[EventCountry "CAN"]
[SourceTitle "CBM 175 Extra"]
[Source "ChessBase"]
[SourceDate "2016.12.12"]
[SourceVersion "1"]
[SourceVersionDate "2016.12.12"]
[SourceQuality "1"]

1. e4 c5 2. Nf3 e6 3. d4 cxd4 4. Nxd4 Nc6 5. Nc3 Qc7 6. a3 a6 7. Be2 b5 8. 0-0 Bb7 9. Be3 Rc8 10. Nb3 d6 11. f4 Nf6 12. Bd3 Be7 13. Qe1 Ng4 14. Bd2 Bf6 15. Qg3 Qb6+ 16. Kh1 h5 17. h3 Nd4 18. Rae1 Nxb3 19. cxb3 Bd4 20. Nd1 Kf8 21. e5 g6 22. Qh4 Kg7 23. Be2 Rc2 24. Bc3 Bxc3 25. bxc3 Ra2 26. Rg1 Rxa3 27. Bxg4 hxg4 28. Qxg4 Rxb3 29. Kh2 a5 30. Qg5 Qd8 31. Qg3 a4 32. Nf2 b4 33. Re3 dxe5 34. fxe5 Qh4 35. cxb4 Qxg3+ 36. Rxg3 Rxb4 37. Ra3 Rd8 38. Nd3 Rb3 39. Rxb3 axb3 40. Nc5 Bd5 41. Rb1 Rb8 42. Rb2 Rb5 43. Nd3 Bc4 44. Nc1 g5 45. g4 Kf8 46. Kg3 Rxe5 0-1

[Event "Montreal op"]
[Site "Montreal"]
[Date "2016.09.10"]
[Round "3"]
[White "Libersan, Thierry"]
[Black "Khoudgarian, Natalia"]
[Result "1/2-1/2"]
[WhiteElo "2061"]
[BlackElo "2116"]
[PlyCount "107"]
[EventDate "2016.09.09"]
[EventType "swiss"]
[EventRounds "5"]
[EventCountry "CAN"]
[SourceTitle "CBM 174 Extra"]
[Source "ChessBase"]
[SourceDate "2016.10.10"]
[SourceVersion "1"]
[SourceVersionDate "2016.10.10"]
[SourceQuality "1"]

1. e4 e6 2. d4 d5 3. Nc3 Bb4 4. Nge2 dxe4 5. a3 Be7 6. Nxe4 Nf6 7. Nxf6+ Bxf6 8. Be3 0-0 9. Qd2 c5 10. 0-0-0 Qb6 11. Nc3 cxd4 12. Bxd4 Bxd4 13. Qxd4 Qxd4 14. Rxd4 Nc6 15. Rd2 e5 16. Bc4 Bf5 17. Nb5 Bg6 18. h4 Rad8 19. Rhd1 Rxd2 20. Rxd2 a6 21. Nd6 b5 22. Bd5 Nd4 23. c3 Nf5 24. Bxf7+ Rxf7 25. Nxf7 Kxf7 26. Rd7+ Ke6 27. Ra7 Nxh4 28. g3 Nf5 29. Rxa6+ Nd6 30. a4 bxa4 31. Rxa4 Ne4 32. Ra7 Nxf2 33. b4 Ne4 34. c4 Nxg3 35. b5 Kd6 36. Rxg7 Nf5 37. Rg8 Ne7 38. Rg7 Nf5 39. Rg8 Nd4 40. Kd2 Kc5 41. Rc8+ Kb6 42. Kc3 Nxb5+ 43. cxb5 Kxb5 44. Kd2 Bf5 45. Re8 Bg6 46. Rxe5+ Kc6 47. Ke3 Kd6 48. Kf4 Kd7 49. Kg5 Kd6 50. Kf6 Bb1 51. Re1 Bc2 52. Re2 Bg6 53. Rd2+ Kc5 54. Ke5 1/2-1/2

[Event "Laval op"]
[Site "Laval"]
[Date "2016.06.26"]
[Round "7.2"]
[White "Libersan, Thierry"]
[Black "Oussedik, Elias"]
[Result "0-1"]
[WhiteElo "2043"]
[BlackElo "2218"]
[PlyCount "78"]
[EventDate "2016.06.23"]
[EventType "swiss"]
[EventRounds "7"]
[EventCountry "CAN"]
[SourceTitle "EXT 2022"]
[Source "ChessBase"]
[SourceDate "2021.10.06"]
[SourceVersion "1"]
[SourceVersionDate "2021.10.06"]
[SourceQuality "1"]

1. e4 e6 2. Qe2 c5 3. Nf3 Nc6 4. g3 g6 5. Bg2 Bg7 6. d3 Nge7 7. Nbd2 d5 8. 0-0 0-0 9. Re1 e5 10. h3 h6 11. c3 d4 12. cxd4 cxd4 13. a4 Be6 14. b3 a6 15. Ba3 b5 16. Bc5 Qd7 17. Kh2 Na5 18. axb5 axb5 19. Ra3 Nb7 20. Rea1 Rxa3 21. Bxa3 Ra8 22. Qd1 Nc6 23. Ne1 Bf8 24. Bxf8 Rxa1 25. Qxa1 Kxf8 26. Nc2 Nba5 27. Qa3+ b4 28. Qa4 Qd6 29. Na1 Qc5 30. Nc4 Bxc4 31. bxc4 Qb6 32. Nb3 Nxb3 33. Qxb3 Na5 34. Qb1 b3 35. Bf3 b2 36. Bd1 Qb4 37. Bc2 Qc3 38. Kg2 Kg7 39. Kf3 Nxc4 0-1